000 00535nam a22001932 4500
001 0000005957
005 20151217152009.0
008 070817s xx 000 0 eng d
020 _a082136541X :
_cKES 950
040 _aKABU
_cKABU
050 0 _aHD82
_b.D482
245 1 0 _aDevelopment and the next generation.
260 _aWashington, DC :
_bWorld Bank,
_c2006.
300 _axvii, 317 p.
650 0 _aEconomic development.
_@0000150073
908 _a070817
950 _@1
999 _c7137
_d7137